Grand Societal Challenges in Information Systems Research and Education Ideas from the ERCIS Virtual Seminar Series /

This book examines how information systems research and education can play a major role in contributing to solutions to the Societal Grand Challenges formulated in “The Millennium Project” (millenium-project.org). Individual chapters focus on specific challenges, review existing approaches and contr...

Full description

Main Authors: vom Brocke, Jan. (Author, http://id.loc.gov/vocabulary/relators/aut), Stein, Armin. (http://id.loc.gov/vocabulary/relators/aut), Hofmann, Sara. (http://id.loc.gov/vocabulary/relators/aut), Tumbas, Sanja. (http://id.loc.gov/vocabulary/relators/aut)
Corporate Author: SpringerLink (Online service)
Language:English
Published: Cham : Springer International Publishing : Imprint: Springer, 2015.
Edition:1st ed. 2015.
Series:SpringerBriefs in Information Systems,
Subjects:
Online Access:https://doi.org/10.1007/978-3-319-15027-7
LEADER 03560nam a22006135i 4500
001 978-3-319-15027-7
003 DE-He213
005 20210617120059.0
007 cr nn 008mamaa
008 150404s2015 gw | s |||| 0|eng d
020 |a 9783319150277  |9 978-3-319-15027-7 
024 7 |a 10.1007/978-3-319-15027-7  |2 doi 
050 4 |a HF54.5-54.56 
072 7 |a KJQ  |2 bicssc 
072 7 |a BUS083000  |2 bisacsh 
072 7 |a KJQ  |2 thema 
072 7 |a UF  |2 thema 
082 0 4 |a 650  |2 23 
082 0 4 |a 658.05  |2 23 
100 1 |a vom Brocke, Jan.  |e author.  |4 aut  |4 http://id.loc.gov/vocabulary/relators/aut 
245 1 0 |a Grand Societal Challenges in Information Systems Research and Education  |h [electronic resource] :  |b Ideas from the ERCIS Virtual Seminar Series /  |c by Jan vom Brocke, Armin Stein, Sara Hofmann, Sanja Tumbas. 
250 |a 1st ed. 2015. 
264 1 |a Cham :  |b Springer International Publishing :  |b Imprint: Springer,  |c 2015. 
300 |a XIV, 98 p. 5 illus.  |b online resource. 
336 |a text  |b txt  |2 rdacontent 
337 |a computer  |b c  |2 rdamedia 
338 |a online resource  |b cr  |2 rdacarrier 
347 |a text file  |b PDF  |2 rda 
490 1 |a SpringerBriefs in Information Systems,  |x 2192-4929 
520 |a This book examines how information systems research and education can play a major role in contributing to solutions to the Societal Grand Challenges formulated in “The Millennium Project” (millenium-project.org). Individual chapters focus on specific challenges, review existing approaches and contributions towards solutions in information systems research and outline a research agenda for these challenges. The topics considered in this volume range from climate change, population growth, global ICT availability, breakthroughs in science and technology and energy demand to ethical decision-making, policymaking, gender status and transnational crime prevention. It is the first book to present ideas on how the Information Systems discipline can contribute to the solution on this wide spectrum of grand societal challenges. 
650 0 |a Information technology. 
650 0 |a Business—Data processing. 
650 0 |a Management information systems. 
650 0 |a Computer science. 
650 0 |a Sustainable development. 
650 0 |a Educational sociology . 
650 0 |a Education and sociology. 
650 1 4 |a IT in Business.  |0 https://scigraph.springernature.com/ontologies/product-market-codes/522000 
650 2 4 |a Management of Computing and Information Systems.  |0 https://scigraph.springernature.com/ontologies/product-market-codes/I24067 
650 2 4 |a Sustainable Development.  |0 https://scigraph.springernature.com/ontologies/product-market-codes/U34000 
650 2 4 |a Sociology of Education.  |0 https://scigraph.springernature.com/ontologies/product-market-codes/X22070 
700 1 |a Stein, Armin.  |e author.  |4 aut  |4 http://id.loc.gov/vocabulary/relators/aut 
700 1 |a Hofmann, Sara.  |e author.  |4 aut  |4 http://id.loc.gov/vocabulary/relators/aut 
700 1 |a Tumbas, Sanja.  |e author.  |4 aut  |4 http://id.loc.gov/vocabulary/relators/aut 
710 2 |a SpringerLink (Online service) 
773 0 |t Springer Nature eBook 
776 0 8 |i Printed edition:  |z 9783319150284 
776 0 8 |i Printed edition:  |z 9783319150260 
830 0 |a SpringerBriefs in Information Systems,  |x 2192-4929 
856 4 0 |u https://doi.org/10.1007/978-3-319-15027-7 
912 |a ZDB-2-SBE 
912 |a ZDB-2-SXBM 
950 |a Business and Economics (SpringerNature-11643) 
950 |a Business and Management (R0) (SpringerNature-43719)